000 00672nam a22002177a 4500
003 OSt
005 20151204085405.0
008 151204b xxu||||| |||| 00| 0 eng d
020 _a9780911910872
050 _aSPE RC 81 . B47 1997
100 _aBerkow, Robert
_d1997
245 _cRobert Berkow
_aThe merck manual of medical information.
250 _ahome edition.
260 _aUSA ;
_bMerck Research Laboratory,
_c1997.
300 _axxvi, 1509 pg : ill.
_bincludes index.
650 _aMedicine.
700 _aBeers, Mark H.
700 _aBogin, Robert M.
700 _aFletcher, Andrew J.
942 _2lcc
_cREF_BOOK
_hSPE RC 81 . B47 1997
999 _c10263
_d10263